000
00328nam a22001457a 4500
008
181122b xxu||||| |||| 00| 0 eng d
020
_a
0534031544
041
_a
eng
080
_a
610.73
082
_a
610.73
100
_a
1-2
101
_a
INF
245
_a
Clinical Nursing Procedures
_c
Wells.K.H.B.M.A
942
_2
udc
_c
BK
999
_c
52366
_d
52366